[Event "Primorsko op"]
[Site "Primorsko"]
[Date "1987.??.??"]
[Round "4"]
[White "Antonov, Vladimir"]
[Black "Toshkov, Tihomir"]
[Result "0-1"]
[WhiteElo "2320"]
[BlackElo "2435"]

1.e4 c5 2.Nf3 e6 3.d4 cxd4 4.Nxd4 a6 5.Nc3 Qc7 6.g3 Nf6 7.Bg2 Be7 8.O-O d6
9.Re1 Nbd7 10.a4 Rb8 11.Kh1 b6 12.f4 Bb7 13.Qe2 O-O 14.Bd2 Rfd8 15.Rad1 Bf8
16.Bc1 Rbc8 17.g4 Qc4 18.Rd3 d5 19.b3 Qc7 20.e5 Ne4 21.Nxe4 dxe4 22.Rdd1 Bb4
23.Rf1 Bc3 24.Be3 Nf8 25.h3 h6 26.Qf2 Bxd4 27.Bxd4 Qxc2 28.Qxc2 Rxc2 29.Bxb6 Rxd1
30.Rxd1 Ng6 31.Re1 Nxf4 32.Bxe4 Nd3 33.Bxb7 Nxe1 34.b4 Nd3 35.Bxa6 Nxb4 36.Bb5 Nd5
37.Bd8 Rc8 38.Ba5 Rc1+ 39.Kg2 Nc3  0-1

[Event "Primorsko op"]
[Site "Primorsko"]
[Date "1987.??.??"]
[Round "9"]
[White "Garkov, Mitko"]
[Black "Ninov, Kiril"]
[Result "0-1"]
[WhiteElo "2365"]
[BlackElo "2315"]

1.e4 c5 2.Nf3 e6 3.d4 cxd4 4.Nxd4 a6 5.Nc3 Nc6 6.Be2 Qc7 7.O-O Nf6 8.Kh1 Be7
9.f4 d6 10.Be3 O-O 11.a4 Rd8 12.Nb3 d5 13.e5 Ne4 14.Bd3 Na5 15.Nxa5 Qxa5
16.Ne2 Bc5 17.Bxc5 Nxc5 18.c3 Qc7 19.Nd4 Bd7 20.Rf3 Ne4 21.Qe2 Bc6 22.Raf1 Bxa4
23.Rh3 Bb5 24.Bxb5 axb5 25.Qh5 Nf2+ 26.Kg1 Nxh3+ 27.Qxh3 b4 28.Qg4 bxc3 29.bxc3 Qxc3
30.f5 Ra4 31.Rd1 Qe3+ 32.Kf1 Qxe5 33.fxe6 fxe6 34.Re1 Rxd4  0-1

[Event "Pucarevo zt"]
[Site "Pucarevo"]
[Date "1987.??.??"]
[Round "7"]
[White "Yilmaz, Turham"]
[Black "Hulak, Krunoslav"]
[Result "0-1"]
[WhiteElo "2375"]
[BlackElo "2540"]

1.e4 c5 2.Nf3 e6 3.d4 cxd4 4.Nxd4 a6 5.Nc3 d6 6.Be3 Nf6 7.Be2 Be7 8.O-O Nc6
9.f4 Bd7 10.Bf3 Qc7 11.Kh1 O-O 12.Nb3 b5 13.a3 Rab8 14.g4 g6 15.g5 Ne8 16.Qe2 Ng7
17.Rf2 f5 18.gxf6 Bxf6 19.h4 Bxh4 20.Rh2 Bg3 21.Rh3 Bxf4 22.Bxf4 Rxf4 23.Qh2 Rbf8
24.Rxh7 Rxf3 25.Qh6 Be8 26.Rg1 R3f6 27.Ne2 Ne5 28.Nf4 Bc6 29.Nd2 Qb7 30.Rg2 Qe7
31.Qh4 Kf7 32.Qh6 Rg8 33.Nh5 Kf8 34.Rxg7 Rxg7 35.Qh8+ Rg8 36.Qxf6+ Qxf6 37.Nxf6 Rh8+
38.Kg1 Rh4 39.Rf2 Kg7 40.Kg2 g5 41.Kg3 Kg6 42.Ng8 Rg4+ 43.Kh3 Bxe4 44.Ne7+ Kg7
45.Nc8 Bc6 46.Re2 Rh4+ 47.Kg3 Nf7 48.Nb6 e5 49.Nc8 Bb7  0-1

[Event "Rio Hondo"]
[Site "Rio Hondo"]
[Date "1987.??.??"]
[Round "11"]
[White "Gomez Baillo, Jorge H"]
[Black "Panno, Oscar"]
[Result "1/2-1/2"]
[WhiteElo "2425"]
[BlackElo "2520"]

1.e4 c5 2.Nf3 e6 3.d4 cxd4 4.Nxd4 a6 5.Nc3 Qc7 6.Be2 Nf6 7.O-O Be7 8.f4 d6
9.a4 Nc6 10.Be3 O-O 11.Kh1 Rb8 12.Qe1 b6 13.Qg3 Bb7 14.e5 dxe5 15.Nxc6 Qxc6
16.fxe5 Ne4 17.Nxe4 Qxe4  1/2-1/2

[Event "FRA-ch"]
[Site "Rouen"]
[Date "1987.??.??"]
[Round "2"]
[White "Boudre, Jean Pierre"]
[Black "Andruet, Gilles"]
[Result "0-1"]
[WhiteElo "2300"]
[BlackElo "2390"]

1.e4 c5 2.Nf3 e6 3.d4 cxd4 4.Nxd4 a6 5.Nc3 d6 6.g3 Nf6 7.Bg2 Be7 8.O-O Qc7
9.Be3 O-O 10.a4 Nc6 11.Nb3 b6 12.f4 Rb8 13.g4 d5 14.g5 Nxe4 15.Nxe4 dxe4
16.Bxe4 g6 17.Qf3 Bb7 18.Rad1 Nb4 19.Bd4 Bd6 20.Bxb7 Qxb7 21.Qh3 Rfe8 22.c3 Nd5
23.Rd3 e5 24.fxe5 Bxe5 25.Rdf3 Bxd4+ 26.Nxd4 Re7 27.Qg3 Rbe8 28.h4 Qd7 29.b3 Nxc3
30.Rxc3 Qxd4+ 31.Kh1 Re3 32.Rxe3 Rxe3 33.Qf2 Rh3+ 34.Kg2 Qg4+  0-1

[Event "FRA-ch"]
[Site "Rouen"]
[Date "1987.??.??"]
[Round "13"]
[White "Boudre, Jean Pierre"]
[Black "Meinsohn, Francis"]
[Result "1-0"]
[WhiteElo "2300"]
[BlackElo "2265"]

1.e4 c5 2.Nf3 e6 3.d4 cxd4 4.Nxd4 a6 5.Nc3 d6 6.Be3 Be7 7.f4 Qc7 8.f5 Nf6
9.g4 d5 10.fxe6 fxe6 11.g5 Nxe4 12.Nxe4 dxe4 13.Bh3 O-O 14.Bxe6+ Kh8 15.Bxc8 Qxc8
16.Qh5 Bb4+ 17.Kd1 Qc4 18.Qe2 Qd5 19.c4 Qd7 20.Kc2 b5 21.Rad1 bxc4 22.Kb1 Nc6
23.Qxc4 Nxd4 24.Bxd4 a5 25.h4 Rac8 26.Qe2 Qb7 27.h5 Bc3 28.Bxc3 Rxc3 29.h6 e3
30.hxg7+ Kxg7 31.Qg4  1-0

[Event "Spijkenisse"]
[Site "Spijkenisse"]
[Date "1987.??.??"]
[Round "6"]
[White "Riemersma, Liafbern"]
[Black "Cramling, Pia"]
[Result "1-0"]
[WhiteElo "2420"]
[BlackElo "2435"]

1.e4 c5 2.Nf3 e6 3.d4 cxd4 4.Nxd4 a6 5.Nc3 Qc7 6.Be2 b5 7.O-O Bb7 8.Bf3 Nc6
9.Nxc6 dxc6 10.e5 Qxe5 11.Re1 Qd6 12.Qe2 Nf6 13.Bg5 Be7 14.a4 b4 15.Bxf6 gxf6
16.Rad1 Qe5 17.Qf1 Qc5 18.Ne4 Qxc2 19.Bh5 Bc8 20.Rd2 Qxa4 21.Qd3 Qa5 22.Nd6+ Kf8
23.Qf3 Qg5 24.Qxc6 Kg7 25.Ne4 Qxh5 26.Qxa8 Qe5 27.Red1 f5 28.Nd6 Rd8 29.f4 Qc5+
30.Kh1 Rxd6 31.Rxd6 Bxd6 32.h3 Bxf4 33.Rf1 Bd6 34.Rd1 Be5 35.Re1 Bd7 36.Qd8  1-0

[Event "Stockholm"]
[Site "Stockholm"]
[Date "1987.??.??"]
[Round "?"]
[White "Kinnmark, Ove"]
[Black "Svenn, Gosta"]
[Result "0-1"]
[WhiteElo "2200"]
[BlackElo "2200"]

1.e4 c5 2.Nf3 e6 3.Nc3 a6 4.d4 cxd4 5.Nxd4 Nc6 6.g3 d6 7.Bg2 Bd7 8.O-O Nf6
9.Be3 Be7 10.a4 O-O 11.Nxc6 Bxc6 12.a5 Nd7 13.Re1 Ne5 14.Bb6 Qe8 15.b3 g5
16.Bd4 f5 17.Na4 Bf6 18.Ra2 Qg6 19.Bxe5 Bxe5 20.Qd3 g4 21.Nb6 Rad8 22.exf5 Qxf5
23.Qxf5 Rxf5 24.c4 Bxg2 25.Kxg2 Kf7 26.Re4 h5 27.h3 gxh3+ 28.Kxh3 Bc3 29.Rae2 Bxa5
30.Na4 Re8 31.Nb2 Bd8 32.Nd3 Bg5 33.f3 Rxf3 34.Rd4 Be7 35.c5 Rg8 36.Rf4+ Rxf4
37.Nxf4 e5 38.Nxh5 Rg5 39.g4 d5 40.Rc2 Rg6 41.b4 Bg5 42.Rf2+ Ke6 43.Rf8 d4
44.Ng3 Kd5 45.Rf7 b6 46.cxb6 Rxb6 47.Rg7 Bf4 48.Nf5 Ke4 49.Kh4 d3 50.Rd7 Rxb4
51.Nd6+ Kf3  0-1

[Event "Rilton Cup"]
[Site "Stockholm"]
[Date "1987.??.??"]
[Round "?"]
[White "Ostergaard, Dan"]
[Black "Sjoberg, Mats"]
[Result "0-1"]
[WhiteElo "2345"]
[BlackElo "2370"]

1.e4 c5 2.Nf3 e6 3.d4 cxd4 4.Nxd4 a6 5.Nc3 b5 6.g3 Bb7 7.Bg2 d6 8.O-O Nd7
9.Re1 Qb8 10.a4 b4 11.Na2 a5 12.c3 bxc3 13.Nxc3 Be7 14.Qh5 Ngf6 15.Qb5 Ra6
16.Bg5 Qa8 17.Bh3 Rb6 18.Qe2 Nc5 19.Ndb5 O-O 20.Rad1 Rd8 21.Bg2 h6 22.Bf4 Ne8
23.Qc4 Rc6 24.e5 Rcc8 25.Bxb7 Nxb7 26.Qe2 d5 27.Qg4 Rc4 28.Rd4 Rxd4 29.Nxd4 Kf8
30.Nc6 Rc8 31.Nxe7 Kxe7 32.Bxh6 gxh6 33.Nxd5+ exd5 34.e6 f6 35.Qg8 Rc7 36.Qf7+ Kd6
37.e7 Nc5 38.Qg8 Rxe7 39.Rd1 Qc6 40.Qg4 Re5  0-1

[Event "Timisoara"]
[Site "Timisoara"]
[Date "1987.??.??"]
[Round "?"]
[White "Ghinda, Mihail Viorel"]
[Black "Kirov, Nino"]
[Result "1-0"]
[WhiteElo "2460"]
[BlackElo "2450"]

1.e4 c5 2.Nf3 e6 3.d4 cxd4 4.Nxd4 a6 5.Nc3 Qc7 6.Bd3 b5 7.O-O Bb7 8.Re1 d6
9.Bg5 Nd7 10.a4 b4 11.Nd5 exd5 12.exd5+ Be7 13.Nf5 Ne5 14.Nxe7 Nxe7 15.Bxe7 Kxe7
16.f4 Qc5+ 17.Kh1 Qxd5 18.Qg4 h5 19.Qh3 Qd4 20.fxe5 Qg4 21.exd6+ Kxd6 22.Qxg4 hxg4
23.Rad1 Bd5 24.Be2 Rh4 25.Kg1 Rah8 26.Bc4 R4h5 27.Re4 Rc8 28.Rxg4 Ke6 29.Re4+ Kd6
30.Red4 Rc5 31.g4 Re5 32.Kf2 a5 33.h4 f6 34.Bxd5 Rcxd5 35.Rxd5+ Rxd5 36.Rxd5+ Kxd5
37.Ke3 Ke5 38.c4 b3 39.h5 Ke6 40.Kd4 Kd6  1-0

[Event "Voronez"]
[Site "Voronez"]
[Date "1987.??.??"]
[Round "?"]
[White "Pinkas, Karol"]
[Black "Kochyev, Alexander"]
[Result "0-1"]
[WhiteElo "2405"]
[BlackElo "2450"]

1.e4 c5 2.Nf3 e6 3.d4 cxd4 4.Nxd4 a6 5.Nc3 Qc7 6.Be2 b5 7.O-O Bb7 8.Bf3 Nc6
9.Re1 Bd6 10.h3 Nxd4 11.Qxd4 Be5 12.Qd3 Rc8 13.a3 Ne7 14.Bd2 O-O 15.Rac1 Nc6
16.Nd1 Bh2+ 17.Kh1 Ne5 18.Qc3 Qb8 19.Qb3 f5 20.Bb4 Nxf3 21.gxf3 Rf6 22.Be7 Rf7
23.Bh4 fxe4 24.fxe4 Rcf8 25.Qd3 Qf4 26.Re3 Qxh4 27.Kxh2 d5 28.Rg3 dxe4 29.Qe3 Rf3
30.Qb6 Qf4 31.Qxe6+ Kh8 32.Qg4 Qe5 33.c4 e3 34.Nxe3 Rxg3  0-1

[Event "Vrsac"]
[Site "Vrsac"]
[Date "1987.??.??"]
[Round "?"]
[White "Tseshkovsky, Vitaly"]
[Black "Cvitan, Ognjen"]
[Result "1-0"]
[WhiteElo "2485"]
[BlackElo "2510"]

1.e4 c5 2.Nf3 e6 3.d4 cxd4 4.Nxd4 a6 5.Nc3 Qc7 6.Be2 b5 7.O-O Bb7 8.Bf3 Nc6
9.a4 b4 10.Nxc6 bxc3 11.Nd4 Nf6 12.e5 Nd5 13.Re1 Bb4 14.b3 Ne7 15.Bxb7 Qxb7
16.a5 O-O 17.Ba3 Bxa3 18.Rxa3 Rfd8 19.Ne2 Nd5 20.Ra4 Rac8 21.Nf4 Nxf4 22.Rxf4 Qc7
23.Rd4 Qxa5 24.h4 Qb5 25.Qf3 Rf8 26.Rg4 f5 27.exf6 g6 28.Rg5 Rc5 29.Qe3 Rd5
30.Rxd5 Qxd5 31.Qxc3 Qf5 32.Re3 Qxf6 33.Qxf6 Rxf6 34.Rd3 d5 35.Rc3 e5 36.Rc8+ Kg7
37.Rc7+ Rf7 38.Rc6 Ra7 39.Kf1 Kf7 40.Ke2 a5 41.h5 gxh5 42.Rh6 Kg7 43.Rxh5 Kf6
44.Kd3 Ke6 45.Rh6+ Kf5 46.Rh5+ Ke6 47.Rh6+ Kf5 48.Rd6 d4 49.Rh6 Rg7 50.g3 Rc7
51.Rh5+ Kf6 52.Kd2 Rf7 53.f4 exf4 54.gxf4 Ra7 55.Kd3 a4 56.bxa4 Rxa4 57.Rxh7 Kf5
58.Rd7 Ra3+ 59.Kxd4 Kxf4 60.Rf7+ Kg5 61.c4 Kg6 62.Rf1  1-0

[Event "Vrsac"]
[Site "Vrsac"]
[Date "1987.??.??"]
[Round "?"]
[White "Popovic, Petar"]
[Black "Cvitan, Ognjen"]
[Result "1-0"]
[WhiteElo "2560"]
[BlackElo "2510"]

1.e4 c5 2.Nf3 e6 3.Nc3 a6 4.d4 cxd4 5.Nxd4 Qc7 6.g3 Bb4 7.Bd2 Nf6 8.Bg2 Nc6
9.Nxc6 dxc6 10.O-O O-O 11.f4 Rd8 12.Qe2 b5 13.Rad1 Bb7 14.a3 Bf8 15.e5 Nd5
16.Ne4 c5 17.c4 Ne7 18.Nd6 Bxg2 19.Qxg2 Nf5 20.Nxf5 exf5 21.Qe2 Rab8 22.Bc1 Rd4
23.cxb5 axb5 24.Be3 Re4 25.Qd2 c4 26.Bf2 b4 27.axb4 Bxb4 28.Qd7 Qxd7 29.Rxd7 Bf8
30.Rfd1 Rxb2 31.Rd8 h5 32.Bc5 c3 33.Rxf8+ Kh7 34.Rf1 Ree2 35.Bf2 Rbd2 36.Rc8 c2
37.Kg2 Rd3 38.Rc1 Rdd2 39.Rf1 Rd3 40.Rc6 Rdd2 41.Kf3 g6 42.Be3  1-0

[Event "Almada"]
[Site "Almada"]
[Date "1988.??.??"]
[Round "8"]
[White "Fernandes, Antonio"]
[Black "Hodgson, Julian M"]
[Result "0-1"]
[WhiteElo "2400"]
[BlackElo "2525"]

1.e4 c5 2.Nf3 e6 3.d4 cxd4 4.Nxd4 a6 5.Nc3 Qc7 6.g3 b6 7.Bg2 Bb7 8.O-O d6
9.Re1 Nd7 10.Bg5 Ngf6 11.Nd5 exd5 12.exd5+ Ne5 13.f4 O-O-O 14.fxe5 dxe5 15.Bxf6 gxf6
16.Qg4+ Kb8 17.Nc6+ Bxc6 18.dxc6 h5 19.Qe2 Bc5+ 20.Kh1 h4 21.g4 h3 22.Be4 Rhg8
23.Rad1 Ka7 24.c3 f5 25.gxf5 b5 26.Rxd8 Qxd8 27.b4 Bb6 28.Qh5 Rg7 29.Qxh3 Qd2
30.Rf1 f6 31.c7 Rg8 32.Bg2 Qd7 33.Qh6 Qf7 34.Rd1 Bxc7 35.Bd5 Qg7 36.Qh3 Rd8
37.Rg1 Qe7 38.Bg2 Bb6 39.Qf3 Bxg1 40.Kxg1 Qc7 41.h4 Qb6+ 42.Kh2 Rh8 43.Qg4 Qc7
44.h5 Rh7 45.Qh4 Qxc3 46.Qf2+ Qd4 47.Qf3 Qf4+ 48.Qxf4 Rxh5+  0-1

[Event "NOR-ch"]
[Site "Asker"]
[Date "1988.??.??"]
[Round "9"]
[White "Hoen, Ragnar"]
[Black "Agdestein, Simen"]
[Result "1/2-1/2"]
[WhiteElo "2330"]
[BlackElo "2595"]

1.e4 c5 2.Nf3 e6 3.d4 cxd4 4.Nxd4 a6 5.Nc3 Nc6 6.Be3 Nf6 7.Bd3 d6 8.h3 Be7
9.Qe2 O-O 10.O-O e5 11.Nb3 Be6 12.f4 exf4 13.Rxf4 Nd7 14.Nd5 Bg5 15.Rff1 Bxd5
16.Bxg5 Qxg5 17.Rf5 Qe7 18.exd5 Nce5 19.Raf1 g6 20.R5f4 Rac8 21.c3 Nb6 22.Rd4 f5
23.a4 Rfe8 24.a5 Nbd7 25.Rb4 Nf6 26.Nd4 Nxd5 27.Bxf5 gxf5 28.Nxf5 Qg5 29.h4 Qg6
30.Rxb7 Rc7 31.Qxa6 Rf7 32.Rxf7 Nxf7 33.Qc4 Nf6 34.Nxd6 Rf8 35.a6 Kh8 36.Nxf7+ Rxf7
37.Qc8+ Kg7 38.Qc5 h6 39.Qd4 Rf8 40.a7 Qf7 41.Ra1 Ra8 42.b4 Qb7 43.Qc5 Ne4
44.Qe3 Nf6 45.Qd4 h5 46.Ra5 Qe7 47.Ra1 Kh7 48.Qf2 Kg7 49.b5 Ng4 50.Qd4+ Kh7
51.Qd3+ Kg7 52.Qd4+ Kh7 53.Qd3+ Kg7 54.Qd4+  1/2-1/2

[Event "Balatonbereny op"]
[Site "Balatonbereny"]
[Date "1988.??.??"]
[Round "1"]
[White "Horvath, Jozsef"]
[Black "Orgovan, Sandor"]
[Result "1/2-1/2"]
[WhiteElo "2480"]
[BlackElo "2310"]

1.e4 c5 2.Nf3 e6 3.Nc3 a6 4.d4 cxd4 5.Nxd4 d6 6.Bd3 Nf6 7.f4 Nbd7 8.Be3 b5
9.a3 Bb7 10.O-O Be7 11.Qf3 Nc5 12.Rae1 O-O 13.Qh3 d5 14.e5 Nfe4 15.Bxe4 Nxe4
16.Nxe4 dxe4 17.f5 exf5 18.Nxf5 Bc8 19.Qg4 Bxf5 20.Rxf5 g6 21.Rf2 Qd5 22.c3 h5
23.Qf4 f5 24.exf6 Rxf6 25.Qh6 Bf8 26.Rxf6 Bxh6 27.Rxg6+ Bg7 28.Bd4 Ra7 29.Bxa7 Qf7
30.Rxa6 Qb7 31.Ra5 Qc7 32.b4 Qxc3 33.Bf2 Bd4 34.Ra8+ Kh7 35.Kf1 Qd3+ 36.Re2 e3
37.Be1 Qf5+ 38.Kg1 Qg4 39.Kf1  1/2-1/2

[Event "GMA-Open"]
[Site "Belgrade"]
[Date "1988.??.??"]
[Round "?"]
[White "Micic, Cedomir"]
[Black "Martinovic, Slobodan"]
[Result "1-0"]
[WhiteElo "2355"]
[BlackElo "2440"]

1.e4 c5 2.Nf3 e6 3.d4 cxd4 4.Nxd4 a6 5.Nc3 Qc7 6.Be2 d6 7.Be3 Nf6 8.O-O Be7
9.f4 O-O 10.Bf3 Nc6 11.Nxc6 bxc6 12.Na4 Rb8 13.c4 c5 14.b3 Bb7 15.Nc3 Nd7
16.Qc2 Bf6 17.Rad1 Rbd8 18.e5 dxe5 19.f5 Bxf3 20.Rxf3 Qc6 21.Ne4 exf5 22.Rxf5 Be7
23.Nc3 g6 24.Nd5 Rde8 25.Rf2 f5 26.Nxe7+ Rxe7 27.Bg5 Re6 28.Rfd2 Nf6 29.Rd5 Rfe8
30.Be3 Ne4 31.Qd3 Kf7 32.g4 h5 33.gxf5 gxf5 34.Rf1 Rg6+ 35.Kh1 Ke6 36.Bxc5 Reg8
37.Rxf5 Kxf5 38.Qf3+ Ke6 39.Qxe4 Rg5 40.Rxe5+ Rxe5 41.Qxc6+ Kf5 42.Qd7+  1-0

[Event "GMA-Open"]
[Site "Belgrade"]
[Date "1988.??.??"]
[Round "?"]
[White "Andrijevic, Milan"]
[Black "Cvitan, Ognjen"]
[Result "1/2-1/2"]
[WhiteElo "2395"]
[BlackElo "2500"]

1.e4 c5 2.Nf3 e6 3.Nc3 a6 4.d4 cxd4 5.Nxd4 Qc7 6.Be2 b5 7.O-O Bb7 8.Bf3 Nc6
9.g3 Nf6 10.Re1 Nxd4 11.Qxd4 Bc5 12.Qd3 d6 13.Be3 Nd7 14.Bxc5 Nxc5 15.Qd4 O-O
16.Rad1 Rfd8 17.Rd2 Bc6 18.Red1 a5 19.a3 h6 20.h4 Qb8 21.b4 e5 22.Qe3 axb4
23.axb4 Na4 24.Nxa4 Rxa4 25.c3 Qc7 26.Kg2 Ra3 27.Rd3 Bd7 28.Qc1 Ra6 29.Qd2 Be6
30.Be2 Ra2 31.Qe3 Ra3 32.Qd2 Ra2 33.Qe3 Bb3 34.R3d2 Ra3 35.Rc1 Ba4 36.Rd5 Rb8
37.Qd2 Rb6 38.Bf1 Kh7 39.Qb2 Rb3 40.Qd2 Ra3 41.Kg1 Rc6 42.Bxb5 Bxb5 43.Rxb5 Raxc3
44.Rxc3 Rxc3 45.Qe2 Qa7 46.Qg4 g6 47.h5 gxh5 48.Qf5+ Kg7 49.Kg2 Rc4 50.Rd5 Rxb4
51.Rxd6 Qe7  1/2-1/2

[Event "GMA-Open"]
[Site "Belgrade"]
[Date "1988.??.??"]
[Round "?"]
[White "Crawley, Gavin"]
[Black "Strikovic, Aleksa"]
[Result "0-1"]
[WhiteElo "2380"]
[BlackElo "2460"]

1.e4 c5 2.Nf3 e6 3.d4 cxd4 4.Nxd4 a6 5.Nc3 Qc7 6.f4 b5 7.Be2 Bb7 8.Bf3 Nf6
9.e5 b4 10.Nce2 Nd5 11.Bd2 d6 12.Bxd5 Bxd5 13.Bxb4 dxe5 14.Bxf8 Rxf8 15.Nf5 Bxg2
16.Nxg7+ Ke7 17.Rg1 Rd8 18.Qc1 Bf3 19.f5 Qc4 20.Qg5+ f6 21.Qe3 Qh4+ 22.Ng3 Qb4+
23.Qc3 Qxc3+ 24.bxc3 Bd5 25.Rb1 Nd7 26.fxe6 Bxe6 27.Rb4 Rg8 28.Nxe6 Kxe6
29.Rf1 Rab8 30.Rh4 Rb1+ 31.Kf2 Rxf1+ 32.Nxf1 Rg7 33.Ne3 f5 34.c4 Nf6 35.c5 f4
36.Nc4 Ne4+ 37.Ke2 Nxc5 38.Rh5 Nd7 39.Kf3 Kd5 40.Nd2 Nf6 41.Rh6 Rg6 42.Rh3 h5
43.c4+ Kd4 44.c5 Rg7 45.Nb3+ Kd5 46.Ke2 e4 47.Rc3 f3+ 48.Kf1 Ng4 49.c6 e3
50.Rc5+ Ke4 51.Rc4+ Kd3 52.Rxg4  0-1

[Event "GMA-Open"]
[Site "Belgrade"]
[Date "1988.??.??"]
[Round "?"]
[White "Kosanovic, Goran A"]
[Black "Rajkovic, Dusan"]
[Result "1/2-1/2"]
[WhiteElo "2395"]
[BlackElo "2495"]

1.e4 c5 2.Nf3 e6 3.Nc3 a6 4.d4 cxd4 5.Nxd4 Qc7 6.Be2 b5 7.Bf3 Bb7 8.O-O d6
9.Re1 Be7 10.a4 b4 11.Na2 Nf6 12.Nxb4 d5 13.Nxd5 exd5 14.exd5 O-O 15.Nf5 Bd6
16.Nxd6 Qxd6 17.c4 Nbd7 18.b3 a5 19.Ba3 Qb6 20.Bxf8 Rxf8 21.b4 axb4 22.a5 Qd6
23.Qa4 Ba6 24.Qc6 Qxc6 25.dxc6 Nc5 26.Re5 Ne6 27.Rb5 Nc7 28.Rxb4 Rd8 29.Bd5 Kf8
30.Re1 g6 31.h3 h5 32.Rb6 Ra8 33.Re5 Rd8 34.Re1 Ra8 35.Re5 Rd8  1/2-1/2

[Event "GMA-Open"]
[Site "Belgrade"]
[Date "1988.??.??"]
[Round "?"]
[White "Pavlovic, Milos"]
[Black "Lobron, Eric"]
[Result "1-0"]
[WhiteElo "2390"]
[BlackElo "2530"]

1.d4 e6 2.Nf3 c5 3.e4 cxd4 4.Nxd4 a6 5.Nc3 Qc7 6.Bd3 b5 7.O-O Bb7 8.Qe2 Nc6
9.Nxc6 Qxc6 10.a4 b4 11.Nd5 Nf6 12.c4 bxc3 13.Nxc3 Bb4 14.Re1 d5 15.e5 Nd7
16.Qg4 Nc5 17.Bf1 Bxc3 18.bxc3 O-O-O 19.Be3 h5 20.Qd1 Rd7 21.Bd4 Rc7 22.Qc2 Ne4
23.f3 Nc5 24.Rab1 Nd7 25.Rb4 f6 26.Bb5 axb5 27.axb5 Qb6 28.Bxb6 Nxb6 29.Qf2 Nc4
30.b6 Rc6 31.Qg3 fxe5 32.Qxg7 Rd8 33.Ra1  1-0

[Event "Belgrade (Women)"]
[Site "Belgrade"]
[Date "1988.??.??"]
[Round "3"]
[White "Gocheva, Rumiana B"]
[Black "Bojkovic, Natasa"]
[Result "0-1"]
[WhiteElo "2240"]
[BlackElo "2220"]

1.e4 c5 2.Nf3 e6 3.d4 cxd4 4.Nxd4 a6 5.Nc3 Qc7 6.g3 Bb4 7.Bd2 Nf6 8.Bg2 Nc6
9.Nxc6 dxc6 10.O-O O-O 11.Qe2 e5 12.Nd5 Nxd5 13.exd5 Bxd2 14.Qxd2 cxd5 15.Qxd5 Rd8
16.Qb3 Rb8 17.Bd5 b5 18.Rad1 Bg4 19.f3 Bh5 20.Rf2 Qc5 21.Rd3 Rd6 22.Kg2 Bg6
23.Be4 Rbd8 24.Rfd2 Rd4 25.Qc3 Qb6 26.Rxd4 exd4 27.Qd3 Bxe4 28.fxe4 Rc8 29.e5 h6
30.Qe4 Rd8 31.a3 a5 32.Re2 Qe6 33.Rd2 Qb6 34.Kf3 b4 35.axb4 axb4 36.b3 Qc5
37.Re2 Re8 38.Qf4 Qc3+ 39.Kf2 Qc5 40.Kg2 Qd5+ 41.Qe4 Qc5 42.Kf3 Qc3+ 43.Qd3 Qc6+
44.Kf4 Qd5 45.Re4 g5+ 46.Kg4 f5+ 47.exf6 Rxe4+ 48.Kh5 Kh7  0-1

[Event "Berlin op"]
[Site "Berlin-West"]
[Date "1988.??.??"]
[Round "5"]
[White "Kindermann, Stefan"]
[Black "Hulak, Krunoslav"]
[Result "1-0"]
[WhiteElo "2525"]
[BlackElo "2490"]

1.e4 c5 2.Nf3 e6 3.d4 cxd4 4.Nxd4 a6 5.Nc3 Qc7 6.Bd3 Nf6 7.Bg5 Be7 8.f4 Qb6
9.Nb3 Qe3+ 10.Qe2 Qxe2+ 11.Bxe2 d6 12.O-O-O Nc6 13.Bf3 Bd7 14.Rhe1 h6 15.Bh4 g5
16.fxg5 hxg5 17.Bxg5 Ne5 18.Bf4 Rc8 19.Bg3 b5 20.Nd4 Rc5 21.Kb1 Bf8 22.Nce2 Bc8
23.Nc1 Nfd7 24.Nd3 Rc7 25.Nxe5 Nxe5 26.b3 Bb7 27.Ne2 Be7 28.Nf4 Rd7 29.Re2 Bc6
30.Red2 Kd8 31.Nd3 Nxf3 32.gxf3 a5 33.Nb2 e5 34.c4 f5 35.cxb5 Bxb5 36.exf5 Rf8
37.Nc4 Bxc4 38.bxc4 Rxf5 39.c5 Rb7+ 40.Rb2 Rxb2+ 41.Kxb2 Kd7 42.Rd3 e4 43.fxe4 Rxc5
44.Rd5 Kc6 45.Rxc5+ Kxc5 46.Kc3 d5 47.exd5 Kxd5 48.Kb3 Bb4 49.Bc7 Kc6 50.Bd8 Kb5
51.a4+  1-0

[Event "Berlin op"]
[Site "Berlin-West"]
[Date "1988.??.??"]
[Round "8"]
[White "Beckemeier, Werner"]
[Black "Lenz, Thomas"]
[Result "1/2-1/2"]
[WhiteElo "2380"]
[BlackElo "2265"]

1.e4 c5 2.Nf3 e6 3.Nc3 a6 4.d4 cxd4 5.Nxd4 Qc7 6.g3 Nc6 7.Bg2 d6 8.O-O Bd7
9.Nb3 Be7 10.a4 Ne5 11.f4 Nc4 12.Kh1 Bf6 13.Rf3 h5 14.Nd4 O-O-O 15.Nce2 e5
16.fxe5 dxe5 17.Nb3 Bg4 18.Rd3 h4 19.gxh4 Qb6 20.Rxd8+ Qxd8 21.Qf1 Ne7 22.Nc3 Qc7
23.a5 Kb8 24.Ra4 Rc8 25.h5 Be6 26.h6 Ng6 27.hxg7 Bxg7 28.Bh3 Nf4 29.Bxf4 exf4
30.Nd5 Bxd5 31.exd5 Ne3 32.Qxf4 Qxf4 33.Rxf4 Rxc2 34.Rxf7 Be5 35.Rf3 Nxd5
36.Bg2 Nf4 37.Bf1 Rxb2 38.Nc5 Ng6 39.Nd7+ Kc7 40.Nxe5 Nxe5 41.Rf5 Kd6 42.h3 Ke6
43.Rf8 Nc6 44.h4 Rb4 45.Bh3+ Ke7 46.Rh8 Kf6 47.Rh5 Kg6 48.Rg5+ Kh6 49.Rc5 Rxh4
50.Kg2 Ra4 51.Bc8 Rxa5 52.Rc3 Nd8 53.Rd3 Rg5+ 54.Kf2 Nf7 55.Bxb7 a5 56.Rh3+ Kg6
57.Rg3 Rxg3  1/2-1/2

[Event "Bern op"]
[Site "Bern"]
[Date "1988.??.??"]
[Round "?"]
[White "Fresard"]
[Black "Dizdarevic, Emir"]
[Result "0-1"]
[WhiteElo "1970"]
[BlackElo "2485"]

1.e4 c5 2.Nf3 e6 3.d4 cxd4 4.Nxd4 a6 5.Nc3 Qc7 6.g3 Bb4 7.Ne2 Be7 8.Bg2 Nf6
9.a4 Nc6 10.O-O O-O 11.Nd4 d6 12.Nxc6 bxc6 13.Re1 Rb8 14.Qd3 Nd7 15.b3 Ne5
16.Qe2 c5 17.f4 Nc6 18.Be3 Rd8 19.Rad1 Bb7 20.Rd2 Bf6 21.Nb1 Bd4 22.Qg4 Qb6
23.Bxd4 Nxd4 24.h4 c4 25.Kh1 cxb3 26.cxb3 Nxb3 27.Rb2 Qa5 28.Rf1 Nc5 29.Rxb7 Rxb7
30.f5 exf5 31.exf5 Rb4 32.Qg5 Ne4 33.Qe7 Nxg3+  0-1

[Event "Bern op"]
[Site "Bern"]
[Date "1988.??.??"]
[Round "?"]
[White "Heim, Bernhard"]
[Black "Erdelyi, Tamas"]
[Result "1/2-1/2"]
[WhiteElo "2260"]
[BlackElo "2330"]

1.e4 c5 2.Nf3 e6 3.d4 cxd4 4.Nxd4 a6 5.Nc3 Qc7 6.Be2 b5 7.f4 b4 8.Na4 Bb7
9.Bf3 Nc6 10.Nb3 Na5 11.Nxa5 Qxa5 12.b3 Nf6 13.e5 Bxf3 14.Qxf3 Nd5 15.O-O g6
16.a3 Bc5+ 17.Kh1 O-O 18.axb4 Bxb4 19.c4 Ne7 20.Be3 Qc7 21.Nb6 Ra7 22.Rfd1 Rd8
23.Rac1 Bc5 24.Qf2 Bxe3 25.Qxe3 Nf5 26.Qg1 h5 27.c5 h4 28.Rd3 Kg7 29.Rcd1 Qc6
30.Qf2 Rc7 31.Na4  1/2-1/2

[Event "Bielsko Biala"]
[Site "Bielsko Biala"]
[Date "1988.??.??"]
[Round "7"]
[White "Raszka, Janusz"]
[Black "Bosboom, Manuel"]
[Result "0-1"]
[WhiteElo "2305"]
[BlackElo "2355"]

1.e4 c5 2.Nf3 e6 3.d4 cxd4 4.Nxd4 a6 5.Nc3 Qc7 6.Be2 Nf6 7.O-O d6 8.f4 Be7
9.a4 O-O 10.Kh1 Nc6 11.Be3 Rd8 12.Qe1 Rb8 13.Qg3 d5 14.exd5 Nxd5 15.Nxc6 bxc6
16.Bd4 f6 17.Nxd5 exd5 18.b3 Bf5 19.Rac1 c5 20.Bc3 Qc6 21.Rfe1 Bf8 22.Bf3 Be4
23.Bxe4 dxe4 24.f5 c4 25.bxc4 Kh8 26.Qg4 Qxc4 27.Re3 Rbc8 28.Rh3 Rd7 29.Re1 h6
30.Rg3 Bb4 31.Bxb4 Qxb4 32.Rge3 Re8 33.h3 Rde7 34.Rd1 Qxa4 35.c3 Qc2 36.Ra1 Re5
37.Kh2 Qf2 38.Re2 Qxf5 39.Qxf5 Rxf5 40.Rxa6 Rc5 41.Re3 f5 42.Ra4 g6 43.g4 Kg7
44.gxf5 gxf5 45.Kg3 Kf6 46.Kf4 Rec8 47.Ra3 R8c6 48.h4 Rd5 49.Ra8 Rd1 50.Rf8+ Ke6
51.Re8+ Kf7 52.Ra8 Rf1+ 53.Ke5 Re6+ 54.Kd5 Rd1+ 55.Kc4 f4 56.Re2 e3  0-1

[Event "Texta"]
[Site "Budapest"]
[Date "1988.??.??"]
[Round "?"]
[White "Tolnai, Tibor"]
[Black "Klinger, Josef"]
[Result "0-1"]
[WhiteElo "2485"]
[BlackElo "2475"]

1.e4 c5 2.Nf3 e6 3.d4 cxd4 4.Nxd4 a6 5.Nc3 Qc7 6.Bd3 d6 7.f4 Nf6 8.Qf3 Nc6
9.Be3 Bd7 10.O-O-O Nxd4 11.Bxd4 Bc6 12.Rhe1 O-O-O 13.Kb1 Kb8 14.g4 Rc8 15.f5 Nd7
16.fxe6 fxe6 17.Bc4 Re8 18.Bd5 Ne5 19.Bxe5 dxe5 20.Bxc6 Qxc6 21.Qf7 Bb4 22.Rd3 Re7
23.Qf3 Rc8 24.Qg3 Qc7 25.Red1 Rf7 26.a3 Bc5 27.h3 Bd4 28.R1d2 Rf1+ 29.Rd1 Rxd1+
30.Rxd1 Bxc3 31.Qxc3 Qxc3 32.bxc3 Rxc3 33.Rd7 Rxa3 34.h4 Rg3 35.Rxg7 h5 36.g5 Rg4
37.Re7 Rxh4 38.g6 Rg4 39.Rxe6 h4 40.Rxe5 Rxg6 41.Rh5 Rg4 42.e5 Kc7 43.Rh7+ Kc6
44.e6 b5 45.c3 a5 46.Kb2 Rg2+ 47.Kb1 Rh2 48.Rd7 Re2 49.Rh7 Re4 50.Kb2 Kd6
51.e7 Kd7 52.Kb3 a4+ 53.Ka3 Re3 54.Kb4 h3 55.Rh5 Kxe7 56.Rxb5 Re4+ 57.c4 Rh4
58.Re5+ Kf6 59.Re1 h2 60.Rh1 Ke5 61.Kb5 a3 62.c5 a2  0-1

[Event "ARG-ch"]
[Site "Buenos Aires"]
[Date "1988.??.??"]
[Round "?"]
[White "Garbarino, Rodolfo"]
[Black "Casafus, Ruben"]
[Result "1-0"]
[WhiteElo "2330"]
[BlackElo "2370"]

1.e4 c5 2.Nf3 a6 3.Nc3 e6 4.d4 cxd4 5.Nxd4 Nc6 6.g3 Bc5 7.Be3 Qb6 8.Na4 Qa5+
9.c3 Bxd4 10.Bxd4 Nxd4 11.Qxd4 e5 12.Qd1 Nf6 13.Bg2 d6 14.b4 Qc7 15.O-O Be6
16.f4 Rd8 17.Qf3 O-O 18.Rfe1 exf4 19.gxf4 d5 20.e5 Ne4 21.Qe3 f5 22.Nc5 Rfe8
23.Rad1 Bc8 24.Rd3 Nxc3 25.Nxa6 Qe7 26.Nc5 b6 27.Nb3 Ba6 28.Rxc3  1-0

[Event "ARG-ch"]
[Site "Buenos Aires"]
[Date "1988.??.??"]
[Round "?"]
[White "Garbarino, Rodolfo"]
[Black "Sabas, Jorge"]
[Result "1-0"]
[WhiteElo "2330"]
[BlackElo "2215"]

1.e4 c5 2.Nf3 e6 3.d4 cxd4 4.Nxd4 a6 5.Nc3 Qc7 6.f4 d6 7.Be2 Nf6 8.O-O Be7
9.Be3 Nc6 10.Qe1 Nxd4 11.Bxd4 b5 12.a3 Bb7 13.Bd3 e5 14.fxe5 dxe5 15.Qg3 Bc5
16.Bxc5 Qxc5+ 17.Kh1 Nh5 18.Qg5 g6 19.Nd5 Qd6 20.Nf6+ Nxf6 21.Rxf6 Qe7 22.Raf1 h6
23.Qe3 Rc8 24.Rxf7 Qxf7 25.Rxf7 Kxf7 26.Qb6 Bc6 27.Qa7+ Kf6 28.Qxa6 Rhd8
29.h4 Kg7 30.Qa7+ Kg8 31.Qe7 Be8 32.Qxe5 Rb8 33.Qf6 Rd7 34.e5 Rg7 35.Be4 Kh7
36.h5 Bf7 37.c3 Be8 38.Qd6 Rc8 39.hxg6+  1-0